00424nam a2200145Ia 4500100002300000942000700023654000800030245005900038260002600097082002000123300000800143546001200151999001700163952009800180 aDattatri/ Kayshav  cBK aC++ aC++ Effective Object Oriented Software Construction bPrentice Hallc2000 a005.133'C'bDAT a755 aENGLISH c25479d25479 001040708CRCaCRCEbCRCEd2023-03-17l0o005.133'C' DATp11379r2023-03-17w2023-03-17yBK